Poemas selectos / (Registro nro. 4074)

Detalles MARC
000 -LEADER
fixed length control field 01023nam a2200253Ia 4500
003 - CONTROL NUMBER IDENTIFIER
control field OSt
005 - DATE AND TIME OF LATEST TRANSACTION
control field 20250627123222.0
008 - FIXED-LENGTH DATA ELEMENTS--GENERAL INFORMATION
fixed length control field 191128s2006 ck a er 000 p spa d
020 ## - INTERNATIONAL STANDARD BOOK NUMBER
International Standard Book Number 9789587140026
040 ## - CATALOGING SOURCE
Original cataloging agency CO-JMCR
Transcribing agency CO-JMCR
041 ## - LANGUAGE CODE
Language code of text/sound track or separate title spa
082 ## - DEWEY DECIMAL CLASSIFICATION NUMBER
Classification number A-P
Item number DICp
100 1# - MAIN ENTRY--PERSONAL NAME
Personal name Dickinson, Emily,
Dates associated with a name 1830-1886
Relator term autora
9 (RLIN) 8772
245 10 - TITLE STATEMENT
Title Poemas selectos /
Statement of responsibility, etc. Emily Dickinson ; Traductor José Manuel Arango
250 ## - EDITION STATEMENT
Edition statement veinteava edición
260 ## - PUBLICATION, DISTRIBUTION, ETC.
Place of publication, distribution, etc. Medellín :
Name of publisher, distributor, etc. Universidad de Antioquia,
Date of publication, distribution, etc. 2006
300 ## - PHYSICAL DESCRIPTION
Other physical details ilustraciones a color ;
Extent 90 páginas :
Dimensions 16 cm.
500 ## - GENERAL NOTE
General note Edición bilingüe
505 ## - FORMATTED CONTENTS NOTE
Formatted contents note Las mañanas son ahora más suaves -- Es todo lo que hoy tengo -- Las guirnaldas son para las reinas -- Nadie conoce esta menuda rosa -- Salvo dos veces nunca perdí tanto -- Nuestras vidas son Suizas -- Nuevos pies corretean mi jardín
650 14 - SUBJECT ADDED ENTRY--TOPICAL TERM
Topical term or geographic name entry element Poesía Estadounidense
9 (RLIN) 8773
700 ## - ADDED ENTRY--PERSONAL NAME
Personal name Juan José hoyos,
Relator term Prologista
9 (RLIN) 8774
700 ## - ADDED ENTRY--PERSONAL NAME
Personal name Vicky Paz,
Relator term ilustradora
9 (RLIN) 8775
942 ## - ADDED ENTRY ELEMENTS (KOHA)
Source of classification or shelving scheme Dewey Decimal Classification
Koha item type Books
Existencias
Withdrawn status Lost status Source of classification or shelving scheme Damaged status Not for loan Collection code Home library Current library Date acquired Source of acquisition Total Checkouts Full call number Barcode Date last seen Date last checked out Copy number Koha item type
    Dewey Decimal Classification     Fiction Biblioteca Pública José María del Castillo y Rada Biblioteca Pública José María del Castillo y Rada 11/28/2019 Donación 4 A-P DICp 201808872 01/22/2026 01/22/2026 Ej.1 Books